000 01281nam a2200337 i 4500
003 EG-GICUC
005 20260121101341.0
008 251125s1987 ua ||||fr|||| 000 0 ara d
017 _a1983/5208
020 _a977-04-0079-3
040 _a EG-GICUC
_bara
_c EG-GICUC
_d EG-GICUC
_erda
041 0 _aara
082 0 4 _221
_a341.83
_bف ؤ . و
092 0 4 _221
099 _aLaw1 12 341.83 ف ؤ . و 1987
100 0 _aفؤاد عبدالمنعم رياض
_eمؤلف.
245 1 2 _aالوجيز في الجنسية ومركز الأجانب في القانونين المصري و المقارن /
_cفؤاد عبدالمنعم رياض.
264 1 _aالقاهرة :
_bدار النهضة العربية،
_c1987.
300 _a311 صفحة ؛
_c24 سم.
336 _2rda content
_atext
337 _2rda media
_aComputer
338 _2rda carrier
_aOnline Resource
504 _a. 240-220 ببليوجرافيا: صفحات.
546 _aالنص باللغة العربية
650 1 4 _aالأجانب -- مركز قانوني -- قانون دولي
_2qrmak
650 1 4 _aالقانون الدولي الخاص
_2qrmak
651 1 _2qrmak
856 4 0 _uhttps://fll.law.cu.edu.eg/fulltext/bks/B12-01541.pdf
905 _a5
_eHassnaa
942 _2ddc
_cBK
_e21
_n0
999 _c45825
_d45825